[Document proposing the establishment of a regional committee in Somerset, Dorset and Bristol] (Record no. 116752)
[ view plain ]
| 000 -LEADER | |
|---|---|
| fixed length control field | 00851ctm a22002295a 4500 |
| 001 - CONTROL NUMBER | |
| control field | L141686 |
| 008 - FIXED-LENGTH DATA ELEMENTS--GENERAL INFORMATION | |
| fixed length control field | 071213s1888 xxk eng u |
| 035 ## - SYSTEM CONTROL NUMBER | |
| System control number | (Sirsi) u141686 |
| 041 0# - LANGUAGE CODE | |
| Language code of text/sound track or separate title | eng |
| 110 2# - MAIN ENTRY--CORPORATE NAME | |
| Corporate name or jurisdiction name as entry element | Surveyors' Institution |
| 9 (RLIN) | 3783 |
| 245 01 - TITLE STATEMENT | |
| Title | [Document proposing the establishment of a regional committee in Somerset, Dorset and Bristol] |
| Medium | [manuscript] |
| 260 ## - PUBLICATION, DISTRIBUTION, ETC. | |
| Date of publication, distribution, etc. | 19 March 1888 |
| 300 ## - PHYSICAL DESCRIPTION | |
| Extent | [4] p. |
| Dimensions | .33 x 21 cm. |
| 340 ## - PHYSICAL MEDIUM | |
| Material base and configuration | Manuscript |
| 351 ## - ORGANIZATION AND ARRANGEMENT OF MATERIALS | |
| Hierarchical level | Single item |
| 500 ## - GENERAL NOTE | |
| General note | Item is a letter suggesting that members in Somerset, Dorset and Bristol trial the system of local committees which it was felt would be necessary once the new system of examinations was introduced in August 1891. |
| 651 4# - SUBJECT ADDED ENTRY--GEOGRAPHIC NAME | |
| Geographic name | Bristol |
| 651 4# - SUBJECT ADDED ENTRY--GEOGRAPHIC NAME | |
| Geographic name | Somerset |
| 651 4# - SUBJECT ADDED ENTRY--GEOGRAPHIC NAME | |
| Geographic name | Dorset |
| 690 ## - LOCAL SUBJECT ADDED ENTRY--TOPICAL TERM (OCLC, RLIN) | |
| Topical term or geographic name as entry element | ABOUT RICS-RICS STRUCTURE AND GOVERNANCE |
| 942 ## - ADDED ENTRY ELEMENTS (KOHA) | |
| Suppress in OPAC | 0 |
| Withdrawn status | Lost status | Source of classification or shelving scheme | Damaged status | Not for loan | Home library | Current library | Shelving location | Date acquired | Total Checkouts | Full call number | Barcode | Date last seen | Copy number | Price effective from | Koha item type |
|---|---|---|---|---|---|---|---|---|---|---|---|---|---|---|---|
| Dewey Decimal Classification | London | London | Basement | 13/12/2007 | BASEMENT BOX 3 | 141686-1001 | 06/08/2019 | 1 | 06/08/2019 | Archive |